Central Library OPAC University of Rajshahi

Chemistry and physics of polycarbonates / (Record no. 10174)

MARC details
000 -LEADER
fixed length control field 00864cam a22002772 4500
001 - CONTROL NUMBER
control field 10174
003 - CONTROL NUMBER IDENTIFIER
rucl marc code BD-RjUL
005 - DATE AND TIME OF LATEST TRANSACTION
control field 20211208234915.0
008 - FIXED-LENGTH DATA ELEMENTS--GENERAL INFORMATION
fixed length control field 140123s1964 nyua b 001 0 eng d
035 ## - SYSTEM CONTROL NUMBER
System control number OCLC ocm02008221 from D971022M
-- (BD-RjUL)10222
040 ## - CATALOGING SOURCE
Original cataloging agency DLC/ICU
Transcribing agency CGU
Modifying agency DLC
-- UKM
-- BD-RjUL
Language of cataloging eng
041 ## - LANGUAGE CODE
Language code of text/sound track or separate title eng
082 00 - DEWEY DECIMAL CLASSIFICATION NUMBER
Classification number 668.42
Author mark and year SCC 1964
100 1# - MAIN ENTRY--PERSONAL NAME
Personal name Schnell, Hermann.
9 (RLIN) 31412
245 10 - TITLE STATEMENT
Title Chemistry and physics of polycarbonates /
Statement of responsibility, etc. by Hermann Schnell.
260 ## - PUBLICATION, DISTRIBUTION, ETC. (IMPRINT)
Place of publication, distribution, etc. london;
-- New York :
Name of publisher, distributor, etc. Interscience Publishers,
Date of publication, distribution, etc. 1964.
300 ## - PHYSICAL DESCRIPTION
Pagination xi, 225 p.
Illustrations illus.
Size 24 cm.
490 1# - SERIES STATEMENT
Series statement Polymer reviews,
Volume/sequential designation v. 9
504 ## - BIBLIOGRAPHY, ETC. NOTE
Bibliography, etc Includes bibliographical references.
650 #0 - SUBJECT ADDED ENTRY--TOPICAL TERM
Topical term or geographic name as entry element Polycarbonates.
9 (RLIN) 31413
830 #0 - SERIES ADDED ENTRY--UNIFORM TITLE
Volume number/sequential designation v. 9.
Uniform title Polymer reviews ;
942 ## - ADDED ENTRY ELEMENTS (KOHA)
Source of classification or shelving scheme Dewey Decimal Classification
Koha item type Books
Holdings
Lost status Source of classification or shelving scheme Damaged status Not for loan Collection code Permanent Location Current Location Shelving location Date acquired Source of acquisition Cost, normal purchase price Total Checkouts Full call number Date last seen Copy number Koha item type
  Dewey Decimal Classification   Not For Loan Non-fiction Central Library, University of Rajshahi Central Library, University of Rajshahi Reading Room 13/05/1966 merze book agency 3.75   668.42 SCC 1964 23/01/2014 C-1 Books